दार्शनिक सम्प्रत्यय कोश (Record no. 116162)
[ view plain ]
| 000 -LEADER | |
|---|---|
| fixed length control field | 01110nam a2200277Ia 4500 |
| 003 - CONTROL NUMBER IDENTIFIER | |
| control field | OSt |
| 005 - DATE AND TIME OF LATEST TRANSACTION | |
| control field | 20220918110957.0 |
| 008 - FIXED-LENGTH DATA ELEMENTS--GENERAL INFORMATION | |
| fixed length control field | 220915b |||||||| |||| 00| 0 hin d |
| 020 ## - INTERNATIONAL STANDARD BOOK NUMBER | |
| International Standard Book Number | 9788124607428 (hbk) |
| 037 ## - SOURCE OF ACQUISITION | |
| Terms of availability | Reference Collections |
| 040 ## - CATALOGING SOURCE | |
| Original cataloging agency | ARTS |
| Transcribing agency | ARTS |
| Language of cataloging | hin |
| 041 ## - LANGUAGE CODE | |
| Source of code | hin |
| Language code of text/sound track or separate title | hin |
| 100 ## - MAIN ENTRY--PERSONAL NAME | |
| Personal name | शशिप्रभा कुमार |
| 9 (RLIN) | 1695 |
| 245 #0 - TITLE STATEMENT | |
| Title | दार्शनिक सम्प्रत्यय कोश |
| 246 ## - VARYING FORM OF TITLE | |
| Title proper/short title | Dārshanik sampratyaya kosha |
| 260 ## - PUBLICATION, DISTRIBUTION, ETC. | |
| Place of publication, distribution, etc. | नई दिल्ली |
| Name of publisher, distributor, etc. | विशिष्ट संस्कृत अध्ययन कंेद्र भारत |
| Date of publication, distribution, etc. | 2014 |
| 300 ## - PHYSICAL DESCRIPTION | |
| Extent | 326पृ0 |
| 490 ## - SERIES STATEMENT | |
| Series statement | भारतीय बौद्धिक परम्परा; 1 |
| 650 ## - SUBJECT ADDED ENTRY--TOPICAL TERM | |
| Topical term or geographic name entry element | भारतीय दर्शन |
| 942 ## - ADDED ENTRY ELEMENTS (KOHA) | |
| Classification part | R6k, 152Q4(RR) |
| Koha item type | Reference |
| Withdrawn status | Lost status | Damaged status | Not for loan | Home library | Current library | Date acquired | Source of acquisition | Cost, normal purchase price | Total Checkouts | Full call number | Barcode | Date last seen | Cost, replacement price | Price effective from | Koha item type |
|---|---|---|---|---|---|---|---|---|---|---|---|---|---|---|---|
| Arts Library | Arts Library | 2022-09-18 | 186, 24/10/2014, Vidyanidhi Prakashan | 625.00 | R6k 152Q4(RR) | AL1570971 | 2022-09-18 | 625.00 | 2022-09-18 | Reference |
